00000000cam 2200000zi 4500
0019.961228
003CaOODSP
00520260515124834
006m     o  d f      
007cr mn|||||||||
008260323t20262026bccab   ob   f000 0 eng d
020 |a9780660991627
040 |aCaOODSP|beng|erda|cCaOODSP
0410 |aeng|beng|bfre
043 |an-cn-bc|apn-----
045 |ay2y2
0861 |aFs97-13/1481E-PDF
1001 |aKing, J. R. |q(Jacquelynne R.), |d1968- |eauthor.
24510|aEcosystem-based juvenile Pacific salmon (Oncorhynchus spp.) trawl survey in the Strait of Georgia and associated waters, British Columbia, June 16-July 1, 2025 / |cby Jackie R. King, Yeongha Jung, Amy M. Tabata, and Tyler B. Zubkowski.
264 1|aNanaimo, |bBritish Columbia : Pacific Biological Station, Fisheries and Oceans Canada, |c2026.
264 4|c©2026
300 |a1 online resource (vi, 55 pages) : |billustrations (some colour), colour maps.
336 |atext|btxt|2rdacontent
337 |acomputer|bc|2rdamedia
338 |aonline resource|bcr|2rdacarrier
4901 |aCanadian data report of fisheries and aquatic sciences, |x1488-5395 ; |v1481
504 |aIncludes bibliographical references (page 7).
5203 |a"Fisheries and Oceans Canada (DFO) conducted an ecosystem-based trawl survey in the Strait of Georgia and associated waters from June 16 to July 1, 2025 on the CCGS Sir John Franklin. This study targeted juvenile Pacific Salmon (Oncorhynchus spp.). In 83 tows, there were 31 taxonomic groups caught in 3,332 kg of catch, with 7% juvenile Pacific Salmon caught by weight (230.39 kg). North Pacific Spiny Dogfish (Squalus suckleyi), adult Coho Salmon (O. kisutch), and Fried Egg Jellyfish (Phacellophora camtschatica) were the most abundant catch by weight. There were 5,028 individual lengths and 4,521 individual weights recorded, including all 5 Pacific Salmon species. Juvenile salmon species caught, in decreasing catch weight, were: Chum Salmon, Coho Salmon, Chinook Salmon, Sockeye Salmon and Pink Salmon, with catch distribution varied based on species. Common prey species for juvenile Pacific Salmon included unidentified fishes, crabs, euphausiids and other zooplankton. Biological samples for genetic stock composition, otoliths, energy density, and coded wire tags are archived at the Pacific Biological Station, Fisheries and Oceans Canada (Nanaimo, BC). Associated information on the physical oceanography (38 locations), water samples for chemistry and chlorophyll a along with zooplankton samples (38 locations) were returned to the Institute of Ocean Sciences (DFO, Sidney, BC)"--Abstract, page v.
546 |aIncludes abstracts in English and French.
650 0|aPacific salmon|xInfancy|zGeorgia, Strait of (B.C. and Wash.)
650 0|aPacific salmon|xInfancy|zSalish Sea (B.C. and Wash.)
650 0|aFish surveys|zGeorgia, Strait of (B.C. and Wash.)
650 0|aFish surveys|zSalish Sea (B.C. and Wash.)
650 6|aSaumoneau du Pacifique|zGéorgie, Détroit de (C.-B. et Wash.)
650 6|aSaumoneau du Pacifique|zSalish, Mer des (C.-B. et Wash.)
650 6|aInventaires ichtyologiques|zGéorgie, Détroit de (C.-B. et Wash.)
650 6|aInventaires ichtyologiques|zSalish, Mer des (C.-B. et Wash.)
7101 |aCanada. |bDepartment of Fisheries and Oceans, |eissuing body.
7102 |aPacific Biological Station (1972- ), |eissuing body.
830#0|aCanadian data report of fisheries and aquatic sciences,|x1488-5395 ; |v1481.|w(CaOODSP)9.505124
85640|qPDF|s898 KB|uhttps://publications.gc.ca/collections/collection_2026/mpo-dfo/fs97-13/Fs97-13-1481-eng.pdf